| 000 | 01786nam a2200397 a 4500 | ||
|---|---|---|---|
| 001 | ebr10453057 | ||
| 003 | CaPaEBR | ||
| 006 | m u | ||
| 007 | cr cn||||||||| | ||
| 008 | 041015s2005 ilua sb 001 0 eng d | ||
| 010 | _z 2004024389 | ||
| 020 | _z0226732428 (alk. paper) | ||
| 020 | _z9780226732428 | ||
| 020 | _z9780226732343 (e-book) | ||
| 040 |
_aCaPaEBR _cCaPaEBR |
||
| 035 | _a(OCoLC)711000191 | ||
| 043 | _an-us--- | ||
| 050 | 1 | 4 |
_aE169.1 _b.R95 2005eb |
| 082 | 0 | 4 |
_a303.48/273/009034 _222 |
| 100 | 1 | _aRydell, Robert W. | |
| 245 | 1 | 0 |
_aBuffalo Bill in Bologna _h[electronic resource] : _bthe Americanization of the world, 1869-1922 / _cRobert W. Rydell and Rob Kroes. |
| 260 |
_aChicago : _bUniversity of Chicago Press, _c2005. |
||
| 300 |
_axii, 209 p. : _bill. |
||
| 504 | _aIncludes bibliographical references (p. 175-188) and index. | ||
| 505 | 0 | _aAmerican mass culture takes form -- Harbingers of mass culture : world's fairs -- The expanding frontiers of American mass culture -- The Americanization of the world? -- The triumph of American mass culture -- Debating American mass culture in the United States and Europe. | |
| 533 |
_aElectronic reproduction. _bPalo Alto, Calif. : _cebrary, _d2013. _nAvailable via World Wide Web. _nAccess may be limited to ebrary affiliated libraries. |
||
| 650 | 0 |
_aPopular culture _zUnited States. |
|
| 650 | 0 | _aAmericanization. | |
| 650 | 0 |
_aCivilization, Modern _xAmerican influences. |
|
| 651 | 0 |
_aUnited States _xCivilization. |
|
| 651 | 0 |
_aUnited States _xRelations. |
|
| 655 | 7 |
_aElectronic books. _2local |
|
| 700 | 1 | _aKroes, Rob. | |
| 710 | 2 | _aebrary, Inc. | |
| 856 | 4 | 0 |
_uhttp://site.ebrary.com/lib/rucke/Doc?id=10453057 _zAn electronic book accessible through the World Wide Web; click to view |
| 999 |
_c227899 _d227899 |
||